Statistics for American Ninja Warrior Junior Finalists

Click here to take the quiz!

General Stats

  • This quiz has been taken 10 times
  • The average score is 9 of 12

Answer Stats

HintAnswer% Correct
2Nate Pardo
100%
1Vance Walker
100%
1Kai Beckstrand
83%
2Sean Arms
83%
4Taylor Green
83%
1Colin Cella
67%
3Ella McRitchie
67%
3Jacob Goldman
67%
4Jeremiah Boyd
67%
2Tate Allen
67%
4Caleb Brown
50%
3Jonathan Godbout
50%

Score Distribution

Percentile by Number Answered

Percent of People with Each Score

Your Score History

You have not taken this quiz